Coparticipacin̤ federal de impuestos

Bibliographic Details
Main Author: Lemos, Sebastian Mario
Format: eBook
Language:Spanish
Published: Buenos Aires: Editorial Acadm̌ica Espaǫla, 2019
Subjects:
Online Access:Acceso restringido

MARC

LEADER 00000nam a22000007a 4500
005 20190913125135.0
007 cr|||| ||||
008 190913s2019 ar |||||s|||| 00||0 spa d
020 |a 9786139435913 
035 |a 24939 
040 |a vLex 
090 |c 9509  |d 9509 
100 1 |a Lemos, Sebastian Mario 
245 1 0 |a Coparticipacin̤ federal de impuestos  |h [Recurso electrn̤ico] /  |c Sebastian Mario Lemos 
256 |a Servicio en ln̕ea 
260 |a Buenos Aires:  |b Editorial Acadm̌ica Espaǫla,  |c 2019 
300 |a 1 recurso electrn̤ico 
506 1 |a Disponible solo en los productos indicados  |d vLex Global  |d vLex Global (Academic Edition, excluding Law Schools)  |d vLex Global (U.S. Academic Edition, Law Schools)  |d vLex Global (U.S. Academic Edition, excluding Law Schools)  |d vLex Global (Academic Edition, Law Schools) 
650 0 4 |a Derecho Fiscal  |z Argentina 
740 0 |a vLex Libros (Servicio en ln̕ea) 
856 4 0 |u http://vlex.com/source/24939  |z Acceso restringido 
942 |c BOOK 
999 0 |a Tax Law